/ جنوبی یوروپ پر عربوں کے حملے (Record no. 109535)

MARC details
000 -LEADER
fixed length control field 00906nam a22002297a 4500
005 - DATE AND TIME OF LATEST TRANSACTION
control field 20170123162355.0
010 ## - LIBRARY OF CONGRESS CONTROL NUMBER
LC control number 176194
020 ## - INTERNATIONAL STANDARD BOOK NUMBER
Terms of availability 00.00
035 ## - SYSTEM CONTROL NUMBER
System control number 176194
037 ## - SOURCE OF ACQUISITION
Source of stock number/acquisition Cen Lib/Ret
040 ## - CATALOGING SOURCE
Original cataloging agency DPL
Language of cataloging UR
082 ## - DEWEY DECIMAL CLASSIFICATION NUMBER
Classification number 940.18
Item number ا م ی
100 ## - MAIN ENTRY--PERSONAL NAME
Personal name امیر شکیب ارسلان
9 (RLIN) 107871
245 ## - TITLE STATEMENT
Title / جنوبی یوروپ پر عربوں کے حملے
Statement of responsibility, etc امیر شکیب ارسلان؛ [اور] مترجم نجم الدین احمد شکیب
246 ## - VARYING FORM OF TITLE
Title proper/short title Janubi Europe par Arbon ke hamle /
Remainder of title by Amir Shakib Arsalan; [and] translated by Najmuddin Ahmad Shakib
260 ## - PUBLICATION, DISTRIBUTION, ETC. (IMPRINT)
Place of publication, distribution, etc کراچی
Name of publisher, distributor, etc (انجمن ترقی اردو(پاکستان
Date of publication, distribution, etc 1957
270 ## - ADDRESS
Address اردو روڈ کراچی
City کراچی
300 ## - PHYSICAL DESCRIPTION
Extent 374p.
Dimensions 21cm(Hb)
650 ## - SUBJECT ADDED ENTRY--TOPICAL TERM
Topical term or geographic name as entry element یوروپ کی تاریخ
Geographic subdivision
9 (RLIN) 138916
650 ## - SUBJECT ADDED ENTRY--TOPICAL TERM
Topical term or geographic name as entry element European History
9 (RLIN) 138917
942 ## - ADDED ENTRY ELEMENTS (KOHA)
Source of classification or shelving scheme Dewey Decimal Classification
Koha item type Urdu Bks
Classification part 940.18
Call number suffix ا م ی
Holdings
Withdrawn status Lost status Damaged status Not for loan Home library Current library Date acquired Source of acquisition Cost, normal purchase price Total Checkouts Full call number Barcode Date last seen Copy number Cost, replacement price Price effective from Koha item type
        Central Library Central Library 18/03/2016 Cen Lib/Ref 0.00   940.18 ا م ی 176194 18/03/2016 1 0.00 18/03/2016 Urdu Bks

© Delhi Public Library
Hit Counter
free hit counter